[Event "65. BEM 2011"]
[Site "Dortmund"]
[Date "2011.02.07"]
[Round "1.13"]
[White "Schlepütz, Volker"]
[Black "Schwiddessen, Jan"]
[Result "0-1"]
[WhiteElo "1326"]
[BlackElo "1843"]
[PlyCount "64"]
[EventDate "2011.??.??"]
[Source "SG Dortmund"]
[SourceDate "2004.12.16"]

1. d4 d5 2. Nf3 e6 3. Bf4 Nf6 4. e3 Nbd7 5. c3 c5 6. Nbd2 Be7 7. Bd3 O-O 8. Ne5
Nxe5 9. dxe5 Nd7 10. h4 b6 11. g4 c4 12. Bc2 f6 13. Nf3 fxe5 14. Nxe5 Nxe5 15.
Bxe5 Bxh4 16. Bg3 g5 17. Qd4 Rf7 18. Bxh4 gxh4 19. f4 h3 20. Qe5 Rg7 21. g5 h6
22. O-O-O hxg5 23. Rxh3 gxf4 24. Bh7+ Kf8 25. Qxf4+ Ke7 26. Qe5 Qf8 27. Rxd5
Rg1+ 28. Rd1 Rxd1+ 29. Kxd1 Qf1+ 30. Kc2 Qxh3 31. Qc7+ Bd7 32. Be4 Rf8 0-1

[Event "65. BEM 2011"]
[Site "Dortmund"]
[Date "2011.02.07"]
[Round "1.14"]
[White "Dreier, Daniel"]
[Black "Gennat, Egon L"]
[Result "1-0"]
[WhiteElo "1841"]
[BlackElo "1318"]
[PlyCount "131"]
[EventDate "2011.??.??"]
[Source "SG Dortmund"]
[SourceDate "2004.12.16"]

1. d4 Nf6 2. Nf3 e6 3. c4 d5 4. g3 dxc4 5. Bg2 Nc6 6. O-O Be7 7. Nc3 O-O 8. e4
Re8 9. h3 Bf8 10. e5 Nd5 11. Ng5 Nce7 12. Qh5 h6 13. Qxf7+ Kh8 14. Nxe6 Bxe6
15. Qxe6 c6 16. Ne4 Ng8 17. Qg4 Qc8 18. Qh5 Be7 19. g4 Rf8 20. Ng3 Qe8 21. Qxe8
Raxe8 22. Nf5 Bb4 23. a3 Ba5 24. Nd6 Re7 25. Nxc4 Bc7 26. Bxd5 cxd5 27. Ne3 Rd7
28. Bd2 Bb6 29. Bc3 Ne7 30. f4 Nc6 31. Rad1 Bd8 32. Kg2 Bh4 33. Nf5 Bd8 34.
Rde1 Ne7 35. Bb4 a5 36. Bxe7 Bxe7 37. Nxe7 Rxe7 38. Rc1 b6 39. Rc6 Rb8 40. Rfc1
Rd7 41. f5 Kg8 42. Rc8+ Rd8 43. Rxb8 Rxb8 44. Rc6 b5 45. Rd6 b4 46. Rxd5 bxa3
47. bxa3 Rb2+ 48. Kf3 Rb3+ 49. Kf4 Rxa3 50. Rd8+ Kf7 51. e6+ Ke7 52. Rd7+ Kf8
53. Ke5 Rb3 54. Ra7 Rb5+ 55. Kd6 Rb8 56. Rxa5 Rd8+ 57. Ke5 Rb8 58. Ra7 Rc8 59.
d5 Rb8 60. Rf7+ Kg8 61. d6 Rb5+ 62. Kd4 Rb4+ 63. Kc5 Rb1 64. d7 Rc1+ 65. Kd6
Rd1+ 66. Ke7 1-0

[Event "65. BEM 2011"]
[Site "Dortmund"]
[Date "2011.02.07"]
[Round "1.15"]
[White "Jentzsch, Werner Wilfried"]
[Black "Sonntag, Joachim"]
[Result "0-1"]
[WhiteElo "1301"]
[BlackElo "1826"]
[PlyCount "100"]
[EventDate "2011.??.??"]
[Source "SG Dortmund"]
[SourceDate "2004.12.16"]

1. d4 d5 2. Nc3 Nf6 3. Bf4 e6 4. Nb5 Na6 5. Nf3 Bb4+ 6. c3 Be7 7. e3 O-O 8. Bd3
c6 9. Na3 Qa5 10. Nc2 c5 11. O-O c4 12. Be2 Nh5 13. Bg5 Bxg5 14. Nxg5 Nf6 15.
Ne1 h6 16. Nh3 b5 17. Nf3 Bd7 18. Ne5 Qc7 19. Qc2 Nb8 20. g4 Nc6 21. f4 Ne4 22.
Nxd7 Qxd7 23. Bf3 f5 24. g5 Qf7 25. gxh6 Qg6+ 26. Qg2 Qxg2+ 27. Bxg2 gxh6 28.
Bxe4 fxe4 29. Kf2 b4 30. Rg1+ Kf7 31. Ke2 Rab8 32. Rab1 Rg8 33. Rxg8 Rxg8 34.
Rg1 Rb8 35. cxb4 Rxb4 36. Rb1 a5 37. Kd2 Rb8 38. Kc3 Nb4 39. a3 Nd3 40. b4 Rb5
41. Ng1 Kg6 42. Ne2 Kh5 43. h4 axb4+ 44. axb4 Kg4 45. Rg1+ Kf3 46. Ng3 Kf2 47.
Ne2 Kxe2 48. Rg6 Rxb4 49. Rxe6 Rb3+ 50. Kc2 Rb2+ 0-1

[Event "65. BEM 2011"]
[Site "Dortmund"]
[Date "2011.02.07"]
[Round "1.16"]
[White "Hoppe, Dirk"]
[Black "Müller, Carsten"]
[Result "1-0"]
[WhiteElo "1815"]
[BlackElo "1299"]
[PlyCount "39"]
[EventDate "2011.??.??"]
[Source "SG Dortmund"]
[SourceDate "2004.12.16"]

1. e4 e5 2. Nc3 Nf6 3. Nf3 Nc6 4. d4 exd4 5. Nd5 Nxd5 6. exd5 Qe7+ 7. Be2 Nb4
8. O-O Qc5 9. Nxd4 Nxd5 10. Re1 Be7 11. Nb3 Qd6 12. Bf3 c6 13. c4 O-O 14. cxd5
Bf6 15. Be3 Re8 16. Bc5 Rxe1+ 17. Qxe1 Qe5 18. Bd4 Qxe1+ 19. Rxe1 Kf8 20. Bc5+
1-0

[Event "65. BEM 2011"]
[Site "Dortmund"]
[Date "2011.02.07"]
[Round "1.17"]
[White "Dirks, Rainer"]
[Black "Horenburg, Oliver"]
[Result "0-1"]
[WhiteElo "1258"]
[BlackElo "1785"]
[PlyCount "84"]
[EventDate "2011.??.??"]
[Source "SG Dortmund"]
[SourceDate "2004.12.16"]

1. c4 e5 2. Nc3 Nf6 3. e4 b6 4. Nf3 Nc6 5. Be2 Bb7 6. d3 d6 7. O-O Be7 8. Nd5
h6 9. Nxe7 Qxe7 10. Nh4 Nd4 11. Nf5 Nxf5 12. exf5 O-O-O 13. Bf3 d5 14. Re1 Qd6
15. b3 Rhe8 16. a4 dxc4 17. Bxb7+ Kxb7 18. Qf3+ Kb8 19. dxc4 Qb4 20. Rf1 e4 21.
Qf4 Qxb3 22. a5 Rd1 23. Be3 Rxf1+ 24. Rxf1 bxa5 25. Qg3 Qb2 26. Qxg7 a4 27.
Qxf7 a3 28. Bf4 Rc8 29. Qe6 a2 30. Be5 Qb6 31. Qxf6 Qxf6 32. Bxf6 Rf8 33. Bg7
Rxf5 34. Bc3 Rc5 35. Bb2 Rxc4 36. Rd1 Rb4 37. Ba1 Rb1 38. Rf1 c5 39. g3 Kc7 40.
Kg2 Kd6 41. f3 e3 42. Bg7 e2 0-1

[Event "65. BEM 2011"]
[Site "Dortmund"]
[Date "2011.02.07"]
[Round "1.18"]
[White "Stukemeier, Ralf"]
[Black "Skoecz, Horst"]
[Result "1-0"]
[WhiteElo "1779"]
[BlackElo "1250"]
[PlyCount "41"]
[EventDate "2011.??.??"]
[Source "SG Dortmund"]
[SourceDate "2004.12.16"]

1. e4 e6 2. d4 d5 3. Nc3 Bb4 4. e5 c6 5. Qg4 Bf8 6. Nf3 Nd7 7. Bd3 g6 8. Bg5
Be7 9. h4 Bxg5 10. hxg5 Qe7 11. Qf4 Qf8 12. Nh2 h5 13. Ng4 Qg7 14. Nf6+ Kd8 15.
a4 a5 16. O-O-O Ne7 17. g4 h4 18. Rh3 b6 19. Rdh1 Kc7 20. Rxh4 Nxf6 21. exf6+
1-0

[Event "65. BEM 2011"]
[Site "Dortmund"]
[Date "2011.02.07"]
[Round "1.19"]
[White "Krüger, Inge"]
[Black "Schulz-Runge, Michael"]
[Result "0-1"]
[WhiteElo "1246"]
[BlackElo "1766"]
[PlyCount "32"]
[EventDate "2011.??.??"]
[Source "SG Dortmund"]
[SourceDate "2004.12.16"]

1. d4 c5 2. Nf3 cxd4 3. Nxd4 e5 4. Nf5 d5 5. Ng3 Bc5 6. e3 Nf6 7. Be2 Qb6 8.
O-O h5 9. Nxh5 Nxh5 10. Bxh5 Qh6 11. h3 Qxh5 12. Qxd5 Bxh3 13. gxh3 Qxh3 14.
Qxe5+ Be7 15. f3 Nc6 16. Qf4 Rh4 0-1

[Event "65. BEM 2011"]
[Site "Dortmund"]
[Date "2011.02.07"]
[Round "1.20"]
[White "Raskin, Vitali"]
[Black "Wangrin, Stefan A"]
[Result "1-0"]
[WhiteElo "1749"]
[BlackElo "1157"]
[PlyCount "87"]
[EventDate "2011.??.??"]
[Source "SG Dortmund"]
[SourceDate "2004.12.16"]

1. e4 e5 2. Nf3 Nc6 3. Bb5 Nge7 4. Nc3 a6 5. Bc4 Ng6 6. O-O Bc5 7. Nd5 Nd4 8.
c3 Nxf3+ 9. Qxf3 O-O 10. b4 Nh4 11. Qg3 Be7 12. d4 b5 13. Bb3 d6 14. Nxe7+ Qxe7
15. Bg5 Nf3+ 16. gxf3 Qd7 17. Bf6 g6 18. Qg5 Qh3 19. Qg3 exd4 20. cxd4 a5 21.
Bd5 Ra6 22. Qxh3 Bxh3 23. Rfc1 axb4 24. Rxc7 Ra3 25. Bb3 d5 26. Rac1 Ra6 27.
Be7 Re8 28. Bxd5 Be6 29. Bxe6 fxe6 30. R1c2 e5 31. d5 Ra3 32. Kg2 Rea8 33. Bxb4
Rxa2 34. Rxa2 Rxa2 35. Rb7 Ra1 36. d6 Rd1 37. d7 Rd4 38. Rb8+ Kg7 39. d8=Q Rxd8
40. Rxd8 Kh6 41. Rd5 Kg5 42. Rxe5+ Kf4 43. Rxb5 h5 44. Bd2# 1-0

[Event "65. BEM 2011"]
[Site "Dortmund"]
[Date "2011.02.07"]
[Round "1.21"]
[White "Da Costa, Pablo"]
[Black "Reisberg, Andre"]
[Result "0-1"]
[WhiteElo "1083"]
[BlackElo "1723"]
[PlyCount "68"]
[EventDate "2011.??.??"]
[Source "SG Dortmund"]
[SourceDate "2004.12.16"]

1. e4 Nc6 2. Nf3 e5 3. Bc4 Bc5 4. Nc3 Nf6 5. d3 d6 6. a3 Bd7 7. b4 Bb6 8. Bb2
a6 9. O-O O-O 10. Nd5 Nxd5 11. Bxd5 Bg4 12. Re1 Nd4 13. Bxd4 Bxd4 14. Bxb7 Bxa1
15. Bxa8 Bc3 16. Bb7 Bxf3 17. gxf3 Bxe1 18. Qxe1 a5 19. b5 Qb8 20. Bc6 Qb6 21.
a4 Kh8 22. Qd2 h6 23. f4 exf4 24. Qxf4 Qd4 25. Qd2 Qxa4 26. c4 Qb4 27. Qd1 a4
28. b6 Qxb6 29. Qxa4 Qb1+ 30. Kg2 Qxd3 31. Qa7 Qxc4 32. Qxc7 Qe6 33. Bd5 Qg4+
34. Kf1 Rc8 0-1

[Event "65. BEM 2011"]
[Site "Dortmund"]
[Date "2011.02.07"]
[Round "1.22"]
[White "Jähnicke, Karl-Heinz"]
[Black "Da Costa-Hoppe, Andreas"]
[Result "1-0"]
[WhiteElo "1694"]
[BlackElo "1040"]
[PlyCount "69"]
[EventDate "2011.??.??"]
[Source "SG Dortmund"]
[SourceDate "2004.12.16"]

1. d4 d5 2. c4 c6 3. Nf3 Nf6 4. Nc3 Bf5 5. Qb3 b6 6. e3 e6 7. a4 a5 8. c5 Nbd7
9. cxb6 Nxb6 10. Ne5 Rc8 11. Ba6 Bd6 12. Bxc8 Qxc8 13. Qxb6 Bxe5 14. dxe5 Nd7
15. Qd4 c5 16. Qf4 f6 17. exf6 Nxf6 18. O-O O-O 19. Qh4 Bd3 20. Rd1 Qa6 21. Bd2
Ne4 22. Nxe4 Bxe4 23. Bc3 Qc6 24. Rd2 c4 25. Qg3 Rf7 26. h4 Qd7 27. h5 Rf5 28.
f3 Bd3 29. h6 g6 30. Bg7 Qb7 31. Qd6 Qc8 32. Rc1 Qe8 33. b3 e5 34. Qxd5+ Rf7
35. bxc4 1-0

[Event "65. BEM 2011"]
[Site "Dortmund"]
[Date "2011.02.07"]
[Round "1.23"]
[White "Rabe, Mark"]
[Black "Schultz, Bernfried"]
[Result "0-1"]
[WhiteElo "998"]
[BlackElo "1692"]
[PlyCount "50"]
[EventDate "2011.??.??"]
[Source "SG Dortmund"]
[SourceDate "2004.12.16"]

1. d4 Nf6 2. Nf3 e6 3. Nc3 d5 4. e3 c5 5. b3 Nc6 6. Ba3 Qa5 7. Bb2 Ne4 8. Qd3
a6 9. Nd2 Nb4 10. Qe2 Nxc2+ 11. Kd1 Nxa1 12. Ndxe4 dxe4 13. Bxa1 cxd4 14. exd4
Be7 15. Qxe4 O-O 16. Bd3 f5 17. Qe2 Bf6 18. Nb1 Bd7 19. Bc4 Rfe8 20. f4 b5 21.
Bc3 Qb6 22. Bd3 Bxd4 23. Qf3 Bxc3 24. Nxc3 Bc6 25. Qh5 Qd4 0-1

[Event "65. BEM 2011"]
[Site "Dortmund"]
[Date "2011.02.07"]
[Round "1.24"]
[White "Ziemek, Gerhard"]
[Black "Riepe, Markus"]
[Result "1-0"]
[WhiteElo "1638"]
[BlackElo "839"]
[PlyCount "111"]
[EventDate "2011.??.??"]
[Source "SG Dortmund"]
[SourceDate "2004.12.16"]

1. d4 Nf6 2. Nc3 e6 3. e4 d5 4. e5 Nfd7 5. Be3 b6 6. Nf3 g6 7. Bg5 Be7 8. Bh6
Bf8 9. Qd2 Ba6 10. Bxa6 Nxa6 11. O-O Qe7 12. Bg5 f6 13. exf6 Nxf6 14. a3 O-O-O
15. Ne5 Kb7 16. b4 c6 17. Rfe1 Bg7 18. Qd3 Qe8 19. Rab1 Nc7 20. a4 a6 21. Rb3
b5 22. Qe2 h6 23. Bd2 h5 24. Bg5 Rd6 25. f3 Nh7 26. Bf4 g5 27. Bg3 h4 28. Bf2
Nf6 29. Ra1 h3 30. g3 Nd7 31. g4 Nb6 32. Bg3 Nc4 33. Rbb1 Rh6 34. Rd1 Rf6 35.
Nxc4 Rd7 36. Ne5 Rd8 37. Qe3 Bh6 38. Ra3 Qf8 39. Rb3 Qg8 40. a5 Qh7 41. Rd3 Ne8
42. Nb1 Nd6 43. Nd2 Nc4 44. Qe2 Nd6 45. Rbc3 Rc8 46. Re3 Bf8 47. Nd3 Qh6 48.
Nc5+ Kc7 49. Nxe6+ Kd7 50. Nxf8+ Qxf8 51. Nb3 Nb7 52. Re5 Qxb4 53. Rce3 Qf8 54.
Re7+ Kd8 55. Re8+ Qxe8 56. Rxe8+ 1-0

[Event "65. BEM 2011"]
[Site "Dortmund"]
[Date "2011.02.07"]
[Round "1.25"]
[White "Wilkins, Petra"]
[Black "Duschek, Günter"]
[Result "0-1"]
[WhiteElo "778"]
[BlackElo "1609"]
[PlyCount "122"]
[EventDate "2011.??.??"]
[Source "SG Dortmund"]
[SourceDate "2004.12.16"]

1. d4 Nf6 2. c4 e5 3. dxe5 Ng4 4. Nf3 Nc6 5. Bf4 Bb4+ 6. Nc3 Qe7 7. e3 Ngxe5 8.
Be2 d6 9. O-O Bxc3 10. bxc3 Be6 11. Qc2 Nxf3+ 12. Bxf3 Bxc4 13. Rfd1 Be6 14.
Rab1 Bc8 15. Qa4 O-O 16. Bxc6 bxc6 17. Qxc6 Be6 18. a3 Rab8 19. Rb7 Rxb7 20.
Qxb7 Rd8 21. Qxa7 h6 22. Rb1 Bd5 23. f3 g5 24. Bg3 Ra8 25. Qd4 Qe6 26. e4 Bc6
27. Ra1 Ra4 28. Qe3 f5 29. Bf2 fxe4 30. Re1 d5 31. Qc5 Rc4 32. Qa7 Be8 33. Bd4
Rc6 34. a4 Qg6 35. Qa8 Rd6 36. Qb8 Rd7 37. a5 Kf7 38. Qb7 c5 39. Qb6 cxd4 40.
cxd4 Qxb6 41. axb6 Rb7 42. fxe4 dxe4 43. Rxe4 Bc6 44. Re1 Rxb6 45. h3 Rb2 46.
Rf1+ Kg6 47. Rf2 Rxf2 48. Kxf2 Kf5 49. Ke3 Bxg2 50. Kf2 Bxh3 51. Kg3 Bf1 52. d5
Ke5 53. d6 Kxd6 54. Kg4 Ke5 55. Kh5 Kf4 56. Kxh6 Be2 57. Kg6 g4 58. Kh5 g3+ 59.
Kh4 Kf3 60. Kh3 Bf1+ 61. Kh4 g2 0-1

[Event "65. BEM 2011"]
[Site "Dortmund"]
[Date "2011.02.08"]
[Round "2.1"]
[White "Kohlweyer, Bernd"]
[Black "Hoppe, Dirk"]
[Result "1-0"]
[WhiteElo "2459"]
[BlackElo "1815"]
[PlyCount "131"]
[EventDate "2011.??.??"]
[Source "SG Dortmund"]
[SourceDate "2004.12.16"]

1. d4 d5 2. c4 e6 3. Nc3 Nf6 4. cxd5 exd5 5. Bg5 c6 6. e3 Be7 7. Qc2 O-O 8. Bd3
h6 9. Bh4 Re8 10. Nge2 Nbd7 11. O-O Ne4 12. Bxe7 Qxe7 13. Rae1 Ndf6 14. Nd1 Bd7
15. f3 Ng5 16. Ng3 Qd6 17. Nc3 Re7 18. Qf2 c5 19. h4 Ngh7 20. Nb5 Qb6 21. dxc5
Qxc5 22. Nd4 Nf8 23. Rc1 Qb6 24. Rfe1 Rae8 25. Qd2 Re5 26. Kf2 a6 27. Qc3 Rc8
28. Qb3 Qxb3 29. Nxb3 Ree8 30. Ke2 Ne6 31. Kd2 g6 32. Ne2 Kg7 33. g4 Bc6 34.
Nbd4 Nd7 35. h5 Ne5 36. hxg6 Nxd4 37. Nxd4 fxg6 38. Rg1 Bd7 39. Be2 Kf6 40. f4
Nf7 41. Bf3 Bc6 42. Rc5 Nd6 43. b3 Ne4+ 44. Bxe4 dxe4 45. g5+ hxg5 46. Rcxg5
Rg8 47. Re5 Rge8 48. Rgg5 Bd7 49. Rxe8 Rxe8 50. Rd5 Bg4 51. Rd6+ Kf7 52. b4 Re7
53. a4 Rc7 54. a5 Bc8 55. Nb3 Rd7 56. Rxd7+ Bxd7 57. Kc3 Kf6 58. Kd4 Kf5 59.
Kc5 Kg4 60. Nd4 Kg3 61. Kd5 Bf5 62. Nb3 Kf3 63. Kd4 Bd7 64. Nd2+ Ke2 65. Nxe4
Bc6 66. Ng5 1-0

[Event "65. BEM 2011"]
[Site "Dortmund"]
[Date "2011.02.08"]
[Round "2.2"]
[White "Sonntag, Joachim"]
[Black "Schiefelbusch, Dirk"]
[Result "1/2-1/2"]
[WhiteElo "1826"]
[BlackElo "2070"]
[PlyCount "62"]
[EventDate "2011.??.??"]
[Source "SG Dortmund"]
[SourceDate "2004.12.16"]

1. e4 d5 2. exd5 Nf6 3. Bb5+ Nbd7 4. c4 g6 5. Nf3 Bg7 6. Ne5 O-O 7. Nxd7 Bxd7
8. Bxd7 Qxd7 9. O-O b5 10. d3 c6 11. dxc6 Qxc6 12. cxb5 Qxb5 13. Nc3 Qf5 14.
Qe2 e6 15. Be3 Rfd8 16. Rfd1 Rd7 17. f3 Nd5 18. Nxd5 Qxd5 19. d4 a5 20. a3 a4
21. Rac1 Rb8 22. Rd2 h5 23. Rc4 Qa5 24. Qd1 Rb3 25. Bf2 Kh7 26. Qc2 Rd5 27. Rd3
Rxd3 28. Qxd3 Rb5 {(=)} 29. Qc2 Rb3 30. Rc5 Rb5 31. Rc4 Rb3 1/2-1/2

[Event "65. BEM 2011"]
[Site "Dortmund"]
[Date "2011.02.08"]
[Round "2.3"]
[White "Brockmann, Michael"]
[Black "Stukemeier, Ralf"]
[Result "1-0"]
[WhiteElo "2062"]
[BlackElo "1779"]
[PlyCount "95"]
[EventDate "2011.??.??"]
[Source "SG Dortmund"]
[SourceDate "2004.12.16"]

1. d4 d5 2. c4 e6 3. Nc3 Nf6 4. Bg5 Be7 5. e3 O-O 6. Nf3 h6 7. Bh4 Ne4 8. Bxe7
Qxe7 9. Qc2 Nxc3 10. Qxc3 c6 11. Be2 Nd7 12. Rc1 dxc4 13. Bxc4 b6 14. O-O c5
15. dxc5 bxc5 16. Rfd1 Rb8 17. b3 Bb7 18. Qa5 Nf6 19. Be2 Rfc8 20. Rd3 e5 21.
Nd2 Nd5 22. Bf3 Nb4 23. Rdc3 Rd8 24. Rxc5 Nd3 25. Rc7 Qf6 26. Rf1 Bxf3 27. Nxf3
a6 28. Qc3 Qf5 29. Qc4 Rb4 30. Qxa6 Rg4 31. Ne1 Nxe1 32. Rxe1 Qf3 (32... Rxg2+
$1 33. Kxg2 Qg4+ 34. Kf1 Qh3+ 35. Ke2 Qg4+ $11 {(Schulenburg)}) 33. g3 Rd2 34.
Rf1 e4 35. Rc8+ Kh7 36. Qa8 Rd1 37. Rh8+ Kg6 38. Qa6+ Kh5 39. Rc8 Rh4 40. Rc5+
g5 41. Rxd1 Qxd1+ 42. Qf1 Qxf1+ 43. Kxf1 Rxh2 44. Kg1 Rh3 45. Kg2 Kg4 46. Rc4
Rh5 47. f3+ Kf5 48. g4+ 1-0

[Event "65. BEM 2011"]
[Site "Dortmund"]
[Date "2011.02.08"]
[Round "2.4"]
[White "Horenburg, Oliver"]
[Black "Zelt, Jens"]
[Result "0-1"]
[WhiteElo "1785"]
[BlackElo "2013"]
[PlyCount "162"]
[EventDate "2011.??.??"]
[Source "SG Dortmund"]
[SourceDate "2004.12.16"]

1. d4 d6 2. Nf3 Nf6 3. e3 Nbd7 4. Nbd2 c5 5. b3 e6 6. Bb2 Be7 7. Bd3 O-O 8. O-O
cxd4 9. exd4 b6 10. c4 Bb7 11. Re1 d5 12. Ne5 dxc4 13. bxc4 Nxe5 14. Rxe5 Bd6
15. Re3 Re8 16. Rh3 h6 17. Qe2 Rc8 18. Rc1 Bf4 19. Re1 a6 20. Ne4 Nxe4 21. Bxe4
Bxe4 22. Qxe4 Bg5 23. Qe2 Bf6 24. Rd1 Qc7 25. Rc3 Qc6 26. Rcc1 Qa4 27. Ba1 Red8
28. h3 Rd7 29. Rb1 Qxc4 30. Qxc4 Rxc4 31. Rxb6 Ra4 32. Rb2 Rd5 33. Rbd2 Ra3 34.
Kf1 Rda5 35. d5 Bxa1 36. d6 Bf6 37. d7 Rxa2 38. d8=Q+ Bxd8 39. Rxd8+ Kh7 40. g3
Rb5 41. R8d2 Ra4 42. Kg2 a5 43. Rd4 Ra2 44. R4d2 Rxd2 45. Rxd2 a4 46. Ra2 Rb4
47. Ra3 h5 48. f3 e5 49. Kf2 Kg6 50. Ra2 Kf6 51. Ke2 Ke6 52. Ra3 Kd5 53. g4 h4
54. g5 Ke6 55. Kf2 Kf5 56. Re3 Kf4 57. Ra3 Kxg5 58. Kg2 Kf4 59. Kf2 f5 60. Kg2
e4 61. fxe4 fxe4 62. Kf2 Ke5 63. Ke2 Kd4 64. Kd2 g5 65. Kc2 Rc4+ 66. Kd2 Rb4
67. Kc2 e3 68. Kd1 Ke4 69. Ke2 Rb2+ 70. Kf1 Kf3 71. Kg1 Rb1+ 72. Kh2 Rb4 73.
Kg1 Re4 74. Kh2 Kf2 75. Ra2+ e2 76. Ra3 Rf4 77. Rc3 Kf1 78. Rc2 e1=Q 79. Rg2
Rf2 80. Kh1 Qe4 81. Kh2 Qxg2# 0-1

[Event "65. BEM 2011"]
[Site "Dortmund"]
[Date "2011.02.08"]
[Round "2.5"]
[White "Schulz-Runge, Michael"]
[Black "Kropp, Andreas"]
[Result "0-1"]
[WhiteElo "1766"]
[BlackElo "1951"]
[PlyCount "108"]
[EventDate "2011.??.??"]
[Source "SG Dortmund"]
[SourceDate "2004.12.16"]

1. e4 c5 2. Nc3 Nc6 3. Nf3 e5 4. Bc4 d6 5. h3 Be7 6. Nd5 Nf6 7. Qe2 O-O 8. d3
Nxd5 9. Bxd5 Be6 10. c3 Bxd5 11. exd5 Nb8 12. Be3 Nd7 13. h4 Nf6 14. c4 Re8 15.
Ng5 h6 16. O-O-O Kf8 17. Ne4 Nxe4 18. dxe4 Bxh4 19. g3 Bf6 20. Rh5 Rb8 21. Bd2
a6 22. g4 b5 23. g5 hxg5 24. Qg4 bxc4 25. Rdh1 Qb6 26. Bc3 Qb7 27. Kb1 Ke7 28.
f3 Rg8 29. Rh7 a5 30. R1h6 gxh6 31. Qe6+ Kf8 32. Qxd6+ Be7 33. Qxh6+ Ke8 34.
Bxe5 c3 35. Bxc3 Qb5 36. Qh2 Rd8 37. Qh5 Rf8 38. Bg7 Qf1+ 39. Kc2 Qe2+ 40. Kc1
Rb8 41. Bc3 a4 42. Qh6 Qb5 43. a3 Rb6 44. Qh3 Qd7 45. Qh2 Rg8 46. Qd2 g4 47. f4
g3 48. Qg2 Qg4 49. Bd2 Rb3 50. e5 Qf3 51. Qh3 Qxd5 52. Qc8+ Bd8 53. e6 Qxe6 54.
Qxc5 g2 0-1

[Event "65. BEM 2011"]
[Site "Dortmund"]
[Date "2011.02.08"]
[Round "2.6"]
[White "Begna, Bozidar"]
[Black "Raskin, Vitali"]
[Result "1-0"]
[WhiteElo "1932"]
[BlackElo "1749"]
[PlyCount "79"]
[EventDate "2011.??.??"]
[Source "SG Dortmund"]
[SourceDate "2004.12.16"]

1. e4 e5 2. Nf3 Nf6 3. Nxe5 d6 4. Nf3 Nxe4 5. Qe2 Qe7 6. d3 Nf6 7. Bg5 Qxe2+ 8.
Bxe2 Be7 9. Nc3 c6 10. O-O-O h6 11. Bf4 O-O 12. Rhe1 Re8 13. Bf1 Bg4 14. Ne4
Nxe4 15. dxe4 Rd8 16. Kb1 Na6 17. h3 Be6 18. Nd4 Nc5 19. Nf5 Bxf5 20. exf5 Bf8
21. g4 d5 22. Bg2 Re8 23. h4 Ne4 24. Be3 Be7 {(=)} 25. Bxe4 dxe4 26. Rd7 b6 27.
g5 hxg5 28. hxg5 c5 29. c4 a5 30. a4 Rad8 31. Red1 Rxd7 32. Rxd7 Kf8 33. Kc2
Rc8 34. Rb7 Bd8 35. Bf4 Rc6 36. Kd2 g6 37. f6 Re6 38. Rb8 Re8 39. Bd6+ Kg8 40.
Be7 1-0

[Event "65. BEM 2011"]
[Site "Dortmund"]
[Date "2011.02.08"]
[Round "2.7"]
[White "Reisberg, Andre"]
[Black "Schütte, Tobias"]
[Result "0-1"]
[WhiteElo "1723"]
[BlackElo "1897"]
[PlyCount "82"]
[EventDate "2011.??.??"]
[Source "SG Dortmund"]
[SourceDate "2004.12.16"]

1. d4 Nf6 2. Nf3 c5 3. e3 d6 4. Be2 Nbd7 5. O-O g6 6. b3 Bg7 7. Bb2 O-O 8. c4
Rb8 9. Qc2 a6 10. Nc3 Qa5 11. Rfd1 b5 12. dxc5 Nxc5 13. Nd4 Bd7 14. cxb5 axb5
15. Bf3 b4 16. Nd5 Nxd5 17. Bxd5 Rbc8 18. Qd2 Na4 19. Bb7 Rc7 20. bxa4 Rxb7 21.
Nb3 Qxa4 22. Bxg7 Kxg7 23. Rdc1 Ra8 24. Qd4+ Kg8 25. Qe4 Rba7 26. h3 Bf5 27.
Qf3 Be6 28. Nd4 Bxa2 29. Nc6 Rb7 30. Nd8 Rbb8 31. Nxf7 Rf8 32. Nh6+ Kg7 33. Qe4
Kxh6 34. Rc7 Rf7 35. Rxe7 Raf8 36. Qh4+ Kg7 37. Qd4+ Kg8 38. Qxd6 b3 39. Rxf7
Rxf7 40. Rc1 Qe4 41. Qg3 Rf8 0-1

[Event "65. BEM 2011"]
[Site "Dortmund"]
[Date "2011.02.08"]
[Round "2.8"]
[White "Hellwig, Thomas"]
[Black "Jähnicke, Karl-Heinz"]
[Result "1-0"]
[WhiteElo "1886"]
[BlackElo "1694"]
[PlyCount "115"]
[EventDate "2011.??.??"]
[Source "SG Dortmund"]
[SourceDate "2004.12.16"]

1. d4 d5 2. c4 e6 3. Nf3 Nf6 4. g3 c6 5. Bg2 Nbd7 6. O-O Bd6 7. Nc3 O-O 8. Nd2
Be7 9. e4 dxe4 10. Ndxe4 Nxe4 11. Nxe4 Nf6 12. Bg5 Nxe4 13. Bxe7 Nxf2 14. Rxf2
Qxe7 15. Qe2 Qd7 16. Rd1 b6 17. Qe5 Bb7 18. Bh3 Rae8 19. Bg4 Qe7 20. Re1 Rd8
21. Rf4 Qd6 22. Qh5 Qb4 23. Ref1 Qxc4 24. Rxf7 Qxd4+ 25. R1f2 Bc8 26. Kg2 Bd7
27. R2f4 Qd6 28. Qg5 Qd5+ 29. Qxd5 cxd5 30. Rxd7 Rxd7 31. Bxe6+ Rdf7 32. Bxd5
g6 33. Kf3 Kg7 34. Rxf7+ Rxf7+ 35. Bxf7 Kxf7 36. Kf4 Kf6 37. g4 g5+ 38. Ke4 Ke6
39. Kd4 Kd6 40. a4 a6 41. b3 b5 42. axb5 axb5 43. b4 h6 44. h3 Ke6 45. Kc5 Ke5
46. Kxb5 Kf4 47. Kc4 Kg3 48. b5 Kxh3 49. b6 Kxg4 50. b7 h5 51. b8=Q Kf3 52. Qh2
h4 53. Qh3+ Kf4 54. Kd3 g4 55. Qxh4 Kf3 56. Qh1+ Kf2 57. Qh2+ Kf3 58. Qg1 1-0

[Event "65. BEM 2011"]
[Site "Dortmund"]
[Date "2011.02.08"]
[Round "2.9"]
[White "Schultz, Bernfried"]
[Black "Simon, Thomas"]
[Result "0-1"]
[WhiteElo "1692"]
[BlackElo "1870"]
[PlyCount "46"]
[EventDate "2011.??.??"]
[Source "SG Dortmund"]
[SourceDate "2004.12.16"]

1. e4 c5 2. Nf3 Nc6 3. d4 cxd4 4. Nxd4 Nf6 5. Nc3 e5 6. Ndb5 d6 7. Bg5 a6 8.
Na3 b5 9. Nd5 Be7 10. Bxf6 Bxf6 11. c3 Bg5 12. Bd3 O-O 13. O-O Ne7 14. c4 Nxd5
15. cxd5 f5 16. exf5 Bxf5 17. Nc2 Qb6 18. Qe2 e4 19. Bxe4 Rae8 20. Rae1 Rxe4
21. Qh5 Rxe1 22. Nxe1 h6 23. Nf3 g6 0-1

[Event "65. BEM 2011"]
[Site "Dortmund"]
[Date "2011.02.08"]
[Round "2.10"]
[White "Duschek, Günter"]
[Black "Grube, Jörg"]
[Result "0-1"]
[WhiteElo "1609"]
[BlackElo "1853"]
[PlyCount "88"]
[EventDate "2011.??.??"]
[Source "SG Dortmund"]
[SourceDate "2004.12.16"]

1. d4 Nf6 2. Bf4 d6 3. Nf3 g6 4. e3 Bg7 5. c3 O-O 6. Nbd2 Nbd7 7. Be2 Nh5 8.
Bg3 e5 9. dxe5 dxe5 10. e4 f5 11. h3 f4 12. Bh2 Nc5 13. Qc2 Kh8 14. Nb3 Qe7 15.
Bc4 a6 16. a4 Bd7 17. Nxc5 Qxc5 18. Bd5 c6 19. b4 Qe7 20. Bb3 a5 21. bxa5 Rxa5
22. Rd1 Raa8 23. Rd2 Bf6 24. Qd3 Be6 25. Bxe6 Qxe6 26. Qc2 Qc4 27. Re2 Rxa4 28.
O-O Rfa8 29. Rb1 Ra2 30. Rb2 Ra1+ 31. Ne1 R8a3 32. Rxb7 Rxc3 33. Qb2 Rcc1 34.
g4 fxg3 35. Bxg3 Rxe1+ 36. Rxe1 Rxe1+ 37. Kh2 Qxe4 38. Rb8+ Kg7 39. Rb7+ Kh6
40. Qd2+ Bg5 41. f3 Re2+ 42. Bf2 Qxf3 43. Rxh7+ Kxh7 44. Qd7+ Kh6 0-1

[Event "65. BEM 2011"]
[Site "Dortmund"]
[Date "2011.02.08"]
[Round "2.11"]
[White "Schwiddessen, Jan"]
[Black "Ziemek, Gerhard"]
[Result "0-1"]
[WhiteElo "1843"]
[BlackElo "1638"]
[PlyCount "90"]
[EventDate "2011.??.??"]
[Source "SG Dortmund"]
[SourceDate "2004.12.16"]

1. e4 c5 2. c4 Nc6 3. Ne2 e6 4. d4 cxd4 5. Nxd4 Bc5 6. Nb3 Be7 7. Nc3 Nf6 8.
Be2 O-O 9. O-O a6 10. Be3 b6 11. f3 Qc7 12. Rc1 Rb8 13. Qd2 Bb4 14. Bf4 e5 15.
Bg5 Be7 16. Nd5 Qd8 17. Bxf6 Bxf6 18. Rc2 Bg5 19. Qd3 a5 20. a3 a4 21. Nc1 Nd4
22. Rc3 Ba6 23. Nb4 Bb7 24. Rd1 Be7 25. Nc2 Bc5 26. Kh1 Qg5 27. b4 axb3 28.
Nxb3 Nxb3 29. Rxb3 Bc6 30. Rdb1 f5 31. exf5 Rxf5 32. Ne3 Rf4 33. Nd5 Rh4 34. f4
exf4 35. Qf3 Qh6 36. h3 Qe6 37. Kh2 Re8 38. R1b2 Rf8 39. Bd3 Ba4 40. Re2 Qf7
41. Rc3 Bd1 42. Be4 Bxe2 43. Qxe2 Rh6 44. Rf3 Kh8 45. Rxf4 Bd6 0-1

[Event "65. BEM 2011"]
[Site "Dortmund"]
[Date "2011.02.08"]
[Round "2.12"]
[White "Reker, Gerhard"]
[Black "Dreier, Daniel"]
[Result "0-1"]
[WhiteElo "724"]
[BlackElo "1841"]
[PlyCount "38"]
[EventDate "2011.??.??"]
[Source "SG Dortmund"]
[SourceDate "2004.12.16"]

1. e4 e6 2. d4 d5 3. Bd3 dxe4 4. Bxe4 Nf6 5. Qd3 Nxe4 6. Qxe4 Bd7 7. Nf3 Bc6 8.
Qe3 Nd7 9. O-O Bd6 10. Ne5 Nxe5 11. dxe5 Bb4 12. c3 Qd5 13. f3 Bc5 14. Qxc5
Qxc5+ 15. Kh1 O-O-O 16. Bd2 Bb5 17. Re1 Qf2 18. Rg1 h6 19. Be1 Qxb2 0-1